Parricide and Violence Against Parents throughout History (De)Constructing Family and Authority? /

This book combines the approaches of history and criminology to study parricide and non-fatal violence against parents from across traditional period and geographical boundaries, encompassing research on Asia as well as Europe and North America. Parricide and non-fatal violence against parents are r...

Πλήρης περιγραφή

Λεπτομέρειες βιβλιογραφικής εγγραφής
Συγγραφή απο Οργανισμό/Αρχή: SpringerLink (Online service)
Άλλοι συγγραφείς: Muravyeva, Marianna (Επιμελητής έκδοσης, http://id.loc.gov/vocabulary/relators/edt), Toivo, Raisa Maria (Επιμελητής έκδοσης, http://id.loc.gov/vocabulary/relators/edt)
Μορφή: Ηλεκτρονική πηγή Ηλ. βιβλίο
Γλώσσα:English
Έκδοση: London : Palgrave Macmillan UK : Imprint: Palgrave Macmillan, 2018.
Έκδοση:1st ed. 2018.
Σειρά:World Histories of Crime, Culture and Violence
Θέματα:
Διαθέσιμο Online:Full Text via HEAL-Link
LEADER 04939nam a2200553 4500
001 978-1-349-94997-7
003 DE-He213
005 20191022031404.0
007 cr nn 008mamaa
008 171016s2018 xxk| s |||| 0|eng d
020 |a 9781349949977  |9 978-1-349-94997-7 
024 7 |a 10.1057/978-1-349-94997-7  |2 doi 
040 |d GrThAP 
050 4 |a D203.2-475 
072 7 |a HBJD  |2 bicssc 
072 7 |a HIS010000  |2 bisacsh 
072 7 |a NHD  |2 thema 
082 0 4 |a 940.903  |2 23 
245 1 0 |a Parricide and Violence Against Parents throughout History  |h [electronic resource] :  |b (De)Constructing Family and Authority? /  |c edited by Marianna Muravyeva, Raisa Maria Toivo. 
250 |a 1st ed. 2018. 
264 1 |a London :  |b Palgrave Macmillan UK :  |b Imprint: Palgrave Macmillan,  |c 2018. 
300 |a VII, 267 p. 4 illus.  |b online resource. 
336 |a text  |b txt  |2 rdacontent 
337 |a computer  |b c  |2 rdamedia 
338 |a online resource  |b cr  |2 rdacarrier 
347 |a text file  |b PDF  |2 rda 
490 1 |a World Histories of Crime, Culture and Violence 
505 0 |a Introduction; Marianna Muravyeva and Raisa Toivo -- PART 1: NORMATIVE CONCEPTS AND FAMILY AUTHORITY -- 'What Kind of Monster or Beast are You?' Parricide and Patricide in Roman Law and Society; Barbara Biscotti -- 'A timely warning to rash and disobedient children': Normative Literature and Violence against Parents in England, 1600-1800; Jim Sharpe -- Degeneracy and Abuse: Attitudes to Violence against Parents in Nineteenth-Century Russia -- PART 2: HISTORICISING VIOLENCE AGAINST PARENTS: LOCALITIES AND IDENTITIES -- 'You would have them lock me up and sell me as slave': Parents and Children in Eighteenth-Century Wallachia; Constanţa Vintilă-Ghiţulescu -- From Confession to Declaration: Parricide in Scotland, 1660 to 1830; Katie Barclay -- Unimaginable Crime and Imaginary Criminals: The Thorvald Sletten Matricide Case, 1899-1907; Silje Warberg -- Gender and the Historicity of Parricide: A Case Study from the Nineteenth-Century North American West; Peter Boag -- PART 3: STRUGGLING WITH PARENTAL AUTHORITY IN EARLY MODERN AND MODERN SOCIETIES -- Ambivalent Fatherhood: On Disobedience and Assaults against Parental Authority in Munich in the Early Seventeenth Century; Satu Lidman -- Parricide in nineteenth-century Finland: Cultures of Violence and a Crisis of Authority; Raisa Maria Toivo -- 'His Disobedient Son': Sami Narratives of Parental Authority in Eighteenth-Century Finnmark; Liv Helene Willumsen -- Conclusion; Marianna Muravyeva and Raisa Maria Toivo -- Index. 
520 |a This book combines the approaches of history and criminology to study parricide and non-fatal violence against parents from across traditional period and geographical boundaries, encompassing research on Asia as well as Europe and North America. Parricide and non-fatal violence against parents are rare but significant forms of family violence. They have been perceived to be a recent phenomenon related to bad parenting and child abuse often in poorer socioeconomic circumstances - yet they have a history, which provides insights for modern-day explanation and intervention. Research on violence against parents has concentrated on child abuse and mental illness but, by using a rich array of primary and secondary documents, such as court cases, criminal statistics, newspaper reports, and legal and medical literature, this book shows that violence against parents is also shaped by conflicts related to parental authority, the rise of children's rights, conflicting economic and emotional expectations, and other sociohistorical factors. 
650 0 |a Europe-History-1492-. 
650 0 |a Social history. 
650 0 |a Crime-Sociological aspects. 
650 0 |a Europe-History-476-1492. 
650 1 4 |a History of Early Modern Europe.  |0 http://scigraph.springernature.com/things/product-market-codes/717030 
650 2 4 |a Social History.  |0 http://scigraph.springernature.com/things/product-market-codes/724000 
650 2 4 |a Crime and Society.  |0 http://scigraph.springernature.com/things/product-market-codes/1B3000 
650 2 4 |a History of Modern Europe.  |0 http://scigraph.springernature.com/things/product-market-codes/717080 
650 2 4 |a History of Medieval Europe.  |0 http://scigraph.springernature.com/things/product-market-codes/717070 
700 1 |a Muravyeva, Marianna.  |e editor.  |4 edt  |4 http://id.loc.gov/vocabulary/relators/edt 
700 1 |a Toivo, Raisa Maria.  |e editor.  |4 edt  |4 http://id.loc.gov/vocabulary/relators/edt 
710 2 |a SpringerLink (Online service) 
773 0 |t Springer eBooks 
776 0 8 |i Printed edition:  |z 9781349949960 
776 0 8 |i Printed edition:  |z 9781349949984 
776 0 8 |i Printed edition:  |z 9781349957002 
830 0 |a World Histories of Crime, Culture and Violence 
856 4 0 |u https://doi.org/10.1057/978-1-349-94997-7  |z Full Text via HEAL-Link 
912 |a ZDB-2-HTY 
950 |a History (Springer-41172)